Statistics for Top 20 biggest cities in North West England

Click here to take the quiz!

General Stats

  • This quiz has been taken 67 times
  • The average score is 14 of 20

Answer Stats

AnswerPopulation% Correct
Manchester560,392
100%
Liverpool576,561
98%
Blackpool148,150
81%
Bolton212,271
81%
Preston99,101
81%
Wigan105,690
81%
Blackburn124,900
78%
Chester89,823
76%
Salford129,794
76%
Bury81,744
71%
Oldham111,321
71%
Birkenhead145,208
68%
Warrington173,365
68%
Burnley88,797
64%
Rochdale114,615
59%
St Helens106,591
59%
Stockport111,023
59%
Southport94,421
58%
Crewe76,437
41%
Sale141,068
37%

Score Distribution

Percentile by Number Answered

Percent of People with Each Score

Your Score History

You have not taken this quiz